Statistics for Taylor Swift - Cornelia Street Lyrics

Click here to take the quiz!

General Stats

  • This quiz has been taken 126 times
  • The average score is 340 of 379

Answer Stats

Answer% Correct
a
100%
Cornelia
100%
"I
100%
I
100%
street"
100%
street
100%
the
100%
again
98%
in
98%
never
98%
on
98%
an
97%
and
97%
And
97%
me
97%
walk
97%
Walk
97%
we
97%
We
97%
you
97%
You
97%
ends
95%
I'd
95%
it
95%
lose
95%
bar
93%
casually
93%
Hope
93%
hope
93%
my
93%
That
93%
that
93%
were
93%
Back
92%
back
92%
car
92%
so
92%
your
92%
if
90%
of
90%
place
90%
this
90%
drunk
88%
heartbreak
88%
kind
88%
say
88%
something
88%
That's
88%
baby
87%
could
87%
drinks
87%
i'm
87%
stronger
87%
then
87%
time
87%
when
87%
away
85%
backseat
85%
city
85%
ever
85%
go
85%
how
85%
mend
85%
name
85%
rent
85%
than
85%
by
83%
screams
83%
get
82%
home
82%
to
82%
as
80%
As
80%
is
78%
leading
78%
lights
78%
terrified
78%
before
77%
mystified
77%
Oh
77%
blanks
75%
But
75%
filling
75%
page
75%
'round
75%
thought
75%
us
75%
was
75%
yours
75%
arrowhead
73%
even
73%
fresh
73%
games
73%
gone
73%
kitchen
73%
knew
73%
new
73%
pointed
73%
shoulders
73%
apartment
72%
around
72%
jacket
72%
just
72%
playing
72%
called
70%
religion
70%
desk
68%
left
68%
listen
68%
packed
68%
turned
68%
autumn
67%
bags
67%
Barefoot
67%
became
67%
beginnings
67%
card
67%
dont
67%
hand
67%
open
67%
sharks
67%
tunnel
67%
Windows
67%
hit
65%
hold
65%
showed
65%
wanna
65%
Sacred
63%
ago
62%
air
62%
floor
62%
Memorize
62%
right
62%
roof
62%
Years
62%
inside
60%
Sat
60%
creaks
58%
bless
53%
rains
53%
swung
30%

Score Distribution

Percentile by Number Answered

Percent of People with Each Score

Your Score History

You have not taken this quiz